Introduction to Econometrics / (Record no. 8367)
[ view plain ]
| 000 -LEADER | |
|---|---|
| fixed length control field | 01622nac a22002651u 4500 |
| 008 - FIXED-LENGTH DATA ELEMENTS--GENERAL INFORMATION | |
| fixed length control field | 090407t2007 xxu||||| |||| 00| 0 eng d |
| 010 ## - LIBRARY OF CONGRESS CONTROL NUMBER | |
| LC control number | 2006033141 |
| 020 ## - INTERNATIONAL STANDARD BOOK NUMBER | |
| International Standard Book Number | 9780199280964 |
| 020 ## - INTERNATIONAL STANDARD BOOK NUMBER | |
| International Standard Book Number | 0199280967 |
| 035 ## - SYSTEM CONTROL NUMBER | |
| System control number | (OCoLC)ocm73742037 |
| 035 ## - SYSTEM CONTROL NUMBER | |
| System control number | (OCoLC)73742037 |
| 082 00 - DEWEY DECIMAL CLASSIFICATION NUMBER | |
| Classification number | 330.015195 |
| Item number | DOU |
| Edition number | 22 |
| 100 ## - MAIN ENTRY--PERSONAL NAME | |
| Personal name | Dougherty, Christopher |
| 9 (RLIN) | 3235 |
| 245 10 - TITLE STATEMENT | |
| Title | Introduction to Econometrics / |
| Statement of responsibility, etc | Christopher Dougherty. |
| 250 ## - EDITION STATEMENT | |
| Edition statement | 3rd ed. |
| 260 ## - PUBLICATION, DISTRIBUTION, ETC. (IMPRINT) | |
| Place of publication, distribution, etc | Oxford : |
| Name of publisher, distributor, etc | Oxford University Press, |
| Date of publication, distribution, etc | c2007. |
| 300 ## - PHYSICAL DESCRIPTION | |
| Extent | xiii, 464 p. : |
| Other physical details | ill. ; |
| Dimensions | 25 cm. |
| 504 ## - BIBLIOGRAPHY, ETC. NOTE | |
| Bibliography, etc | Includes bibliographical references and indexes. |
| 505 0# - FORMATTED CONTENTS NOTE | |
| Formatted contents note | Review : random variables, sampling, and estimation -- Simple regression analysis -- Properties of the regression coefficients and hypothesis testing -- Multiple regression analysis -- Transformations of variables -- Dummy variables --- Specification of regression variables : a preliminary skirmish -- Heteroscedasticity -- Stochastic regressors and measurement errors -- Simultaneous equations estimation -- Binary choice and limited dependent variable models, and maximum likelihood estimation -- Models using time series data -- Properties of regression models with time series data -- Introduction to nonstationary time series -- Introduction to panel data models. |
| 650 #0 - SUBJECT ADDED ENTRY--TOPICAL TERM | |
| Topical term or geographic name as entry element | Econometrics. |
| 9 (RLIN) | 3236 |
| 653 ## - INDEX TERM--UNCONTROLLED | |
| Resource For college | |
| Arrived date list | September2013 |
| 856 41 - ELECTRONIC LOCATION AND ACCESS | |
| Materials specified | Table of contents only |
| Uniform Resource Identifier | <a href="http://www.loc.gov/catdir/toc/ecip073/2006033141.html">http://www.loc.gov/catdir/toc/ecip073/2006033141.html</a> |
| 856 41 - ELECTRONIC LOCATION AND ACCESS | |
| Materials specified | Contributor biographical information |
| Uniform Resource Identifier | <a href="http://www.loc.gov/catdir/enhancements/fy0723/2006033141-b.html">http://www.loc.gov/catdir/enhancements/fy0723/2006033141-b.html</a> |
| 942 ## - ADDED ENTRY ELEMENTS (KOHA) | |
| Item type | Book - Borrowing |
| Call number prefix | 330.015195 DOU |
| Source of classification or shelving scheme | Dewey Decimal Classification |
| Withdrawn status | Item status | Source of classification or shelving scheme | Damaged status | Not for loan | Vendor | Home library | Current library | Shelving location | Date acquired | Source of acquisition | Total Checkouts | Total Renewals | Full call number | Barcode | Date last seen | Date last borrowed | Koha item type | Cost, normal purchase price | Serial Enumeration / chronology |
|---|---|---|---|---|---|---|---|---|---|---|---|---|---|---|---|---|---|---|---|
| Dewey Decimal Classification | Alahram | Central Library | Central Library | First floor | 05/03/2008 | 9 | 1 | 330.015195 DOU | 000010183 | 15/07/2025 | 17/01/2019 | Book - Borrowing | |||||||
| Dewey Decimal Classification | Baccah | Central Library | Central Library | First floor | 07/04/2009 | 2 | 330.015195 DOU | 000015794 | 15/07/2025 | 05/10/2011 | Book - Borrowing | 224.00 | 6993 | ||||||
| Dewey Decimal Classification | Baccah | Central Library | Central Library | First floor | 22/10/2009 | 3 | 330.015195 DOU | 000018515 | 15/07/2025 | 16/12/2010 | NB - Book (Non borrowing) | ||||||||
| Dewey Decimal Classification | Baccah | Central Library | Central Library | First floor | 22/10/2009 | 7 | 1 | 330.015195 DOU | 000018516 | 15/07/2025 | 30/10/2013 | Book - Borrowing | |||||||
| Dewey Decimal Classification | Baccah | Central Library | Central Library | First floor | 22/10/2009 | 8 | 35 | 330.015195 DOU | 000018517 | 15/07/2025 | 23/02/2020 | Book - Borrowing | |||||||
| Dewey Decimal Classification | Baccah | Central Library | Central Library | First floor | 01/10/2013 | 1 | 4 | 330.015195 DOU | 000029154 | 15/07/2025 | 25/10/2020 | Book - Borrowing | |||||||
| Dewey Decimal Classification | Baccah | Central Library | Central Library | First floor | 01/10/2013 | 4 | 18 | 330.015195 DOU | 000029155 | 15/07/2025 | 11/02/2020 | Book - Borrowing |